<?xml version="1.0" encoding="UTF-8"?>
<record
    xmlns:xsi="http://www.w3.org/2001/XMLSchema-instance"
    xsi:schemaLocation="http://www.loc.gov/MARC21/slim http://www.loc.gov/standards/marcxml/schema/MARC21slim.xsd"
    xmlns="http://www.loc.gov/MARC21/slim">

  <leader>02518nam a22002537a 4500</leader>
  <controlfield tag="005">20260123091828.0</controlfield>
  <controlfield tag="008">260123b        |||||||| |||| 00| 0 eng d</controlfield>
  <datafield tag="020" ind1=" " ind2=" ">
    <subfield code="a">9789364441353</subfield>
  </datafield>
  <datafield tag="040" ind1=" " ind2=" ">
    <subfield code="c">AL</subfield>
  </datafield>
  <datafield tag="041" ind1=" " ind2=" ">
    <subfield code="a">English</subfield>
  </datafield>
  <datafield tag="082" ind1=" " ind2=" ">
    <subfield code="a">320.954</subfield>
    <subfield code="b">LAXG</subfield>
  </datafield>
  <datafield tag="100" ind1=" " ind2=" ">
    <subfield code="a">M Laxmikanth</subfield>
    <subfield code="9">252296</subfield>
  </datafield>
  <datafield tag="245" ind1=" " ind2=" ">
    <subfield code="a">Governance in India</subfield>
    <subfield code="b">: for civil services and state services examinations</subfield>
  </datafield>
  <datafield tag="250" ind1=" " ind2=" ">
    <subfield code="a">4.</subfield>
  </datafield>
  <datafield tag="260" ind1=" " ind2=" ">
    <subfield code="a">Chennai</subfield>
    <subfield code="b">Mcgraw Hill Education (India) Private Limited</subfield>
    <subfield code="c">2026</subfield>
  </datafield>
  <datafield tag="300" ind1=" " ind2=" ">
    <subfield code="a">xxvi,436p.</subfield>
    <subfield code="b">PB</subfield>
    <subfield code="c">24x18 cm.</subfield>
  </datafield>
  <datafield tag="365" ind1=" " ind2=" ">
    <subfield code="a">BOM5-7455949</subfield>
    <subfield code="b">&#x20B9;450.45</subfield>
    <subfield code="c">&#x20B9;</subfield>
    <subfield code="d">&#x20B9;474.00</subfield>
    <subfield code="f">14-01-2026</subfield>
  </datafield>
  <datafield tag="520" ind1=" " ind2=" ">
    <subfield code="a">The fourth edition of Governance by M Laxmikanth comes with a massive content overhaul. Thoroughly revised and restructured, the book is now closely aligned with the evolving trends of Examinations.
The edition introduces new chapters on Concept of Civil Service, Administrative Reforms and Civil Services Reforms, along with the latest developments in Indian Government Schemes. To solidify the concept of Governance, its issues, policies and to address the present challenges and developmental bottlenecks, this resource is further enriched with a consolidated document on initiatives of Indian Government on our digital platform, updated practice questions for Preliminary and Mains Examination and 12+ years of topic-wise segregated UPSC CSE Previous Years&#x2019; Questions including 2025. </subfield>
    <subfield code="b">Key Features:
1. Three new chapters on Concept of Civil Service, Administrative Reforms, Civil Service Reforms
2. Inclusion of all the recent developments in Indian governance, including key schemes, policies, acts and landmark judgements
3. Comprehensive Coverage of GS Paper II syllabus with a focus on UPSC Main and State PCS examinations
4. Updated and detailed exploration of the concepts and policies of Governance, the challenges, developmental bottlenecks and social justice initiatives. 
5. Tabular and diagrammatic representation of important content for easy memorisation.
6. Fresh Practice Questions for Main and Preliminary Examination, at the end of the book, to make the aspirants exam ready. 
7. 12+ years of Previous Years&#x2019; CSE Main Questions on EDGE, including 2025.
8. Knowledge Enrichment Content covering additional initiatives of Indian Government on EDGE </subfield>
  </datafield>
  <datafield tag="650" ind1=" " ind2=" ">
    <subfield code="a">Rights and Rights Issues</subfield>
    <subfield code="9">252297</subfield>
  </datafield>
  <datafield tag="650" ind1=" " ind2=" ">
    <subfield code="a">Public Policy</subfield>
    <subfield code="9">252298</subfield>
  </datafield>
  <datafield tag="650" ind1=" " ind2=" ">
    <subfield code="a">Public Administration and Government Structure</subfield>
    <subfield code="9">252299</subfield>
  </datafield>
  <datafield tag="650" ind1=" " ind2=" ">
    <subfield code="a">Personnel and Financial Administration</subfield>
    <subfield code="9">252300</subfield>
  </datafield>
  <datafield tag="942" ind1=" " ind2=" ">
    <subfield code="2">ddc</subfield>
    <subfield code="c">BK</subfield>
  </datafield>
  <datafield tag="999" ind1=" " ind2=" ">
    <subfield code="c">240813</subfield>
    <subfield code="d">240813</subfield>
  </datafield>
  <datafield tag="952" ind1=" " ind2=" ">
    <subfield code="0">0</subfield>
    <subfield code="1">0</subfield>
    <subfield code="2">ddc</subfield>
    <subfield code="4">0</subfield>
    <subfield code="7">0</subfield>
    <subfield code="8">PS</subfield>
    <subfield code="a">AL</subfield>
    <subfield code="b">AL</subfield>
    <subfield code="c">SK</subfield>
    <subfield code="d">2026-01-21</subfield>
    <subfield code="e">amazon.in</subfield>
    <subfield code="g">450.45</subfield>
    <subfield code="l">0</subfield>
    <subfield code="o">320.954 LAXG</subfield>
    <subfield code="p">078063</subfield>
    <subfield code="r">2026-01-23 09:20:56</subfield>
    <subfield code="v">474.00</subfield>
    <subfield code="w">2026-01-14</subfield>
    <subfield code="y">BK</subfield>
  </datafield>
</record>
